00369nam a2200121Ia 4500008004100000245008000041260002600121260000900147300000800156650002600164650001200190856004500202170516s9999 xx 000 0 und d aBiparametric versus multiparametric MRI in the diagnosis of prostate cancer bActa Radiologica Open c2016 a5:8 xRadiologic Technology xRadtech uhttp://journals.sagepub.com/toc/arrb/5/8